00260nam a2200097Ia 4500008004100000020001800041100002300059245004200082260002400124300001400148171205s9999 xx 000 0 und d a9789712368257 aDe Leon, Hector S. 4aThe Law on obligations and conctracts bRex Bookstorec2014 a494 pages